| 000 | 00649nam a2200181 4500 | ||
|---|---|---|---|
| 001 | 132237 | ||
| 003 | ES-MaACL | ||
| 005 | 20250907063110.0 | ||
| 007 | t| | ||
| 008 | 070214s1905 fr r ||||1| fre d | ||
| 100 | 0 |
_aRoland de la Platière, Jeanne-Marie, _d1754-1793 _999125 |
|
| 245 | 1 | 0 |
_aMemoires de Madame Roland / _cJeanne-Marie Roland de la Platière ; nouvelle edit critique contenant des fragments inedits et des lettres de la prisson publies par A. Perroud. |
| 260 |
_aParis : _bPlon Nourrit, _c1905. |
||
| 300 |
_a2 v. ; _c25 cm. |
||
| 700 | 1 |
_aPerroud, A. _991379 |
|
| 852 |
_aES-MaACL _jF-4037-38 |
||
| 999 |
_c132237 _d132237 |
||